Logo BPK

Biblioteka

Politechniki Koszalińskiej

Toleranzen und Passungen / (Rekord nr 28208)

Szczegóły MARC
000 -ETYKIETA REKORDU
podpole kontrolne o stałej długości 00447nam a2200181 i 4500
001 - NUMER KONTROLNY REKORDU
pole kontrolne bg
040 ## - ŹRÓDŁO KATALOGOWANIA
Instytucja, która utworzyła rekord BPK
041 ## - KOD JĘZYKA
Kod języka tekstu pol
080 ## - UNIWERSALNA KLASYFIKACJA DZIESIĘTNA - UKD
UKD 621.753
008 - POLE O STAŁEJ DŁUGOŚCI - DANE KONTROLNE
podpole kontrolne o stałej długości s pl f |000 0 pol
100 1# - NAZWA OSOBOWA
Nazwa osobowa Felber, Eberhard.
245 #0 - TYTUŁ/ODPOWIEDZIALNOŚĆ
Tytuł Toleranzen und Passungen /
Pozostałe elementy strefy tytułu i oznaczenia odpowiedzialności E. Felber, K. Felber.
250 ## - STREFA WYDANIA
Oznaczenie wydania 12., verbesserte Aufl.
260 ## - STREFA ADRESU WYDAWNICZEGO
Miejsce wydania Leipzig,
Data publikacji, dystrybucji/powstania dokumentu 1984.
650 #9 - HASŁO PRZEDMIOTOWE W FORMIE NAZWY OGÓLNEJ LUB JEDNOSTKOWEJ
Nazwa ogólna lub geograficzna Tolerancje i pasowania
700 1# - HASŁO DODATKOWE - NAZWA OSOBOWA
Nazwa osobowa Felber, Klaus.
856 ## - LOKALIZACJA I DOSTĘP DO ELEKTRONICZNYCH DOKUMENTÓW ZDALNYCH
Link (URL) http://koha.tu.koszalin.pl/cgi-bin/koha/opac-detail.pl?biblionumber=28208
Tekst linku Katalog online BPK
942 ## - DODATKOWE ELEMENTY (KOHA)
Typ dokumentu Książka
Egzemplarze
Wycofany Status egzemplarza Uszkodzony Dostępność Lokalizacja stała Lokalizacja bieżąca Miejsce przechowywania Sygnatura Kod kreskowy Typ dokumentu
      Dostępny Biblioteka Politechniki Koszalińskiej Biblioteka Politechniki Koszalińskiej Wypożyczalnia BG 32657 01184631 Książka
© 2023 Biblioteka Politechniki Koszalińskiej :: KOHA